00358 a2200109 4500001000900000005001700009008004100026245009500067100002700162773004200189999001700231ART_564220260410161617.0260409a 10aCapacidad de producción, productividad, eficiencia y costos. Una aplicación práctica1 aCapasso, Carmelo Mario0 tEnfoquesg- Nº 6 (jun. 2006)wREV416 c11153d11153